[Event "Dortmund NRW Cup U20"]
[Site "Dortmund"]
[Date "2019.07.21"]
[Round "9"]
[White "Arakelian, Aik"]
[Black "Gallasch, Robin"]
[Result "1-0"]
[WhiteElo "1993"]
[BlackElo "1987"]
[PlyCount "39"]
[EventDate "2019.07.13"]
[EventType "tourn"]
[EventRounds "9"]
[EventCountry "GER"]
[SourceTitle "CBM 191 Extra"]
[Source "ChessBase"]
[SourceDate "2019.09.30"]
[SourceVersion "1"]
[SourceVersionDate "2019.09.30"]
[SourceQuality "1"]

1. e4 c6 2. Nf3 d5 3. Nc3 Nf6 4. e5 Ne4 5. d4 Nxc3 6. bxc3 e6 7. Bd3 c5 8. 0-0 Nc6 9. Ng5 Be7 10. Qh5 Bxg5 11. Bxg5 Qa5 12. Bd2 cxd4 13. Qg5 Kf8 14. cxd4 Qc7 15. Qf4 Bd7 16. Rab1 Rc8 17. Rb2 Kg8 18. Rfb1 Nd8 19. Qg3 h5 20. Bg5 1-0

[Event "Dortmund NRW Cup U20"]
[Site "Dortmund"]
[Date "2019.07.13"]
[Round "1"]
[White "Seref, Erdogan"]
[Black "Arakelian, Aik"]
[Result "0-1"]
[WhiteElo "1989"]
[BlackElo "1993"]
[PlyCount "70"]
[EventDate "2019.07.13"]
[EventType "tourn"]
[EventRounds "9"]
[EventCountry "GER"]
[SourceTitle "CBM 191 Extra"]
[Source "ChessBase"]
[SourceDate "2019.09.30"]
[SourceVersion "1"]
[SourceVersionDate "2019.09.30"]
[SourceQuality "1"]

1. c4 Nf6 2. Nc3 e5 3. g3 c6 4. d4 e4 5. d5 cxd5 6. Nxd5 Nxd5 7. Qxd5 Bb4+ 8. Bd2 Bxd2+ 9. Qxd2 0-0 10. Bg2 Re8 11. Nh3 Nc6 12. 0-0 h6 13. Nf4 d6 14. Rad1 Bf5 15. Qxd6 Qb6 16. Nd5 Qxb2 17. Nc7 Rad8 18. Nxe8 Rxd6 19. Nxd6 Bg6 20. Nxe4 Qxa2 21. Nd6 Qxe2 22. Rfe1 Qb2 23. Bd5 Ne5 24. Bxb7 Nxc4 25. Be4 Bxe4 26. Nxe4 a5 27. Nd6 Ne5 28. Kg2 Ng4 29. Ne4 a4 30. h3 Ne5 31. Rd2 Qb7 32. f3 f6 33. f4 Nc4 34. Rc2 Nd6 35. Rce2 Nxe4 0-1

[Event "GER-ch U14"]
[Site "Willingen"]
[Date "2019.06.14"]
[Round "8"]
[White "Arakelian, Aik"]
[Black "Laux, Dominik"]
[Result "0-1"]
[WhiteElo "1911"]
[BlackElo "2061"]
[PlyCount "60"]
[EventDate "2019.06.08"]
[EventType "swiss"]
[EventRounds "9"]
[EventCountry "GER"]
[SourceTitle "CBM 191 Extra"]
[Source "ChessBase"]
[SourceDate "2019.09.30"]
[SourceVersion "1"]
[SourceVersionDate "2019.09.30"]
[SourceQuality "1"]

1. e4 c6 2. Nf3 d5 3. Nc3 Bg4 4. h3 Bxf3 5. gxf3 e6 6. d4 Nf6 7. Be3 Bb4 8. Qd3 Qa5 9. Bd2 0-0 10. Rg1 Rc8 11. a3 Nbd7 12. Rb1 Bxc3 13. Bxc3 Qc7 14. e5 Nh5 15. Qe3 g6 16. Bd2 c5 17. c3 Ng7 18. Bd3 Rab8 19. h4 b5 20. Qh6 Nf5 21. Bxf5 exf5 22. h5 Rb6 23. Rh1 Nf8 24. Bg5 Ne6 25. Bf6 cxd4 26. cxd4 Qc2 27. Rd1 Rb7 28. Rh2 f4 29. Rd2 Qb1+ 30. Rd1 Rc1 0-1

[Event "GER-ch U14"]
[Site "Willingen"]
[Date "2019.06.13"]
[Round "7"]
[White "Lutz, Ruben"]
[Black "Arakelian, Aik"]
[Result "1/2-1/2"]
[WhiteElo "2055"]
[BlackElo "1911"]
[PlyCount "48"]
[EventDate "2019.06.08"]
[EventType "swiss"]
[EventRounds "9"]
[EventCountry "GER"]
[SourceTitle "CBM 191 Extra"]
[Source "ChessBase"]
[SourceDate "2019.09.30"]
[SourceVersion "1"]
[SourceVersionDate "2019.09.30"]
[SourceQuality "1"]

1. d4 g6 2. Bf4 d6 3. Nf3 Bg7 4. c3 Nd7 5. e4 e5 6. dxe5 dxe5 7. Bg3 Qe7 8. Nbd2 Ngf6 9. h3 0-0 10. Bc4 h6 11. 0-0 Kh7 12. Re1 Nh5 13. Bh2 Nb6 14. Bf1 Bf6 15. a4 a5 16. Nc4 Nxc4 17. Bxc4 Be6 18. Qb3 Bxc4 19. Qxc4 Ng7 20. Rad1 c6 21. Re3 Rfd8 22. Red3 Rxd3 23. Qxd3 Qc5 24. Qe3 Qe7 1/2-1/2

[Event "GER-ch U14"]
[Site "Willingen"]
[Date "2019.06.10"]
[Round "3"]
[White "Bress, Aaron"]
[Black "Arakelian, Aik"]
[Result "1/2-1/2"]
[WhiteElo "1849"]
[BlackElo "1911"]
[PlyCount "59"]
[EventDate "2019.06.08"]
[EventType "swiss"]
[EventRounds "9"]
[EventCountry "GER"]
[SourceTitle "CBM 191 Extra"]
[Source "ChessBase"]
[SourceDate "2019.09.30"]
[SourceVersion "1"]
[SourceVersionDate "2019.09.30"]
[SourceQuality "1"]

1. e4 c5 2. Nf3 d6 3. d4 cxd4 4. Nxd4 Nf6 5. Nc3 g6 6. Be3 Bg7 7. Bc4 Nc6 8. f3 0-0 9. Bb3 Bd7 10. Qd2 Rc8 11. 0-0-0 Na5 12. Kb1 Nc4 13. Bxc4 Rxc4 14. h4 a6 15. h5 b5 16. hxg6 fxg6 17. Nde2 Qc8 18. Bh6 Rf7 19. Bxg7 Rxg7 20. Nf4 Rc5 21. Nd3 Rc7 22. g4 Be6 23. e5 dxe5 24. Nxe5 Nd7 25. Rhe1 Nxe5 26. Rxe5 Rf7 27. Rxe6 Rxc3 28. Qd8+ Kg7 29. Qd4+ Kg8 30. Qd8+ 1/2-1/2

[Event "Youth District Germany"]
[Site "Wuerzburg"]
[Date "2018.10.06"]
[Round "6.5"]
[White "Lesny, Florian"]
[Black "Arakelian, Aik"]
[Result "1/2-1/2"]
[WhiteElo "2073"]
[BlackElo "1879"]
[PlyCount "56"]
[EventDate "2018.10.02"]
[EventType "team-swiss"]
[EventRounds "7"]
[EventCountry "GER"]
[SourceTitle "CBM 186 Extra"]
[Source "ChessBase"]
[SourceDate "2018.08.24"]
[SourceVersion "1"]
[SourceVersionDate "2018.08.24"]
[SourceQuality "1"]
[WhiteTeam "Hessen U20"]
[BlackTeam "Nordrhein Westfalen U20"]
[WhiteTeamCountry "GER"]
[BlackTeamCountry "GER"]

1. e4 c5 2. Nf3 Nc6 3. d4 cxd4 4. Nxd4 g6 5. Nc3 Bg7 6. Be3 Nf6 7. Bc4 d6 8. f3 0-0 9. Qd2 Bd7 10. 0-0-0 Na5 11. Bb3 Rc8 12. Kb1 Nc4 13. Bxc4 Rxc4 14. g4 Qa5 15. Nd5 Qd8 16. Nxf6+ Bxf6 17. b3 Rc8 18. h4 b5 19. h5 a5 20. Bh6 b4 21. g5 Bh8 22. Bxf8 Qxf8 23. hxg6 fxg6 24. Qh2 Qg7 25. f4 Rc3 26. Qf2 Bg4 27. Rd2 Rf3 28. Qg2 Rxf4 1/2-1/2

[Event "GER-ch U14"]
[Site "Willingen"]
[Date "2018.05.21"]
[Round "3"]
[White "Arakelian, Aik"]
[Black "Dahl, Christoph"]
[Result "0-1"]
[WhiteElo "1893"]
[BlackElo "2054"]
[PlyCount "82"]
[EventDate "2018.05.19"]
[EventType "swiss"]
[EventRounds "9"]
[EventCountry "GER"]
[SourceTitle "CBM 184 Extra"]
[Source "ChessBase"]
[SourceDate "2018.06.28"]
[SourceVersion "1"]
[SourceVersionDate "2018.06.28"]
[SourceQuality "1"]

1. e4 e5 2. Bc4 Nc6 3. Nf3 Nf6 4. d4 exd4 5. e5 d5 6. Bb5 Ne4 7. Nxd4 Bd7 8. Bxc6 bxc6 9. 0-0 Be7 10. f3 Nc5 11. f4 Ne4 12. Be3 c5 13. Nb3 d4 14. Bc1 0-0 15. Qe2 Bc6 16. Na5 Bd5 17. c4 dxc3 18. bxc3 c6 19. Nc4 Rb8 20. Ncd2 f5 21. Nxe4 Bxe4 22. Rd1 Qa5 23. Bd2 Qa4 24. Be3 Rb2 25. Nd2 Rd8 26. Qe1 Bc2 27. Rdc1 c4 28. Nf3 Ba3 29. Qh4 Rbb8 30. Ng5 h6 31. Ne6 Rd7 32. Nc5 Bxc5 33. Bxc5 Be4 34. e6 Rd2 35. Bd4 Rxg2+ 36. Kf1 Rbb2 37. e7 Bd3+ 38. Ke1 Rbe2+ 39. Kf1 Ref2+ 40. Ke1 Qd1+ 41. Rxd1 Rf1# 0-1

[Event "GER-ch U14"]
[Site "Willingen"]
[Date "2018.05.20"]
[Round "1"]
[White "Arakelian, Aik"]
[Black "Nguyen, Alex Dac Vuong"]
[Result "0-1"]
[WhiteElo "1893"]
[BlackElo "2159"]
[PlyCount "86"]
[EventDate "2018.05.19"]
[EventType "swiss"]
[EventRounds "9"]
[EventCountry "GER"]
[SourceTitle "CBM 184 Extra"]
[Source "ChessBase"]
[SourceDate "2018.06.28"]
[SourceVersion "1"]
[SourceVersionDate "2018.06.28"]
[SourceQuality "1"]

1. e4 e6 2. d4 d5 3. Nc3 Nf6 4. e5 Nfd7 5. f4 c5 6. Nf3 Nc6 7. Be3 Be7 8. Qd2 0-0 9. Be2 a6 10. 0-0 b5 11. a3 Rb8 12. Nd1 Qc7 13. c3 Na5 14. Qc2 cxd4 15. Bxd4 Nc4 16. b4 f5 17. exf6 gxf6 18. Bd3 Rf7 19. Ng5 fxg5 20. Bxh7+ Kf8 21. Qg6 Bf6 22. Qh6+ Ke7 23. Bg6 Bxd4+ 24. cxd4 Rxf4 25. Qxg5+ Rf6 26. Bh5 Qd8 27. Rxf6 Nxf6 28. Nc3 Qg8 29. Bg6 Bd7 30. Re1 Bc6 31. Qf4 Nd6 32. Qe5 Rf8 33. h4 Kd7 34. h5 Nc4 35. Qe2 Kd6 36. g4 Be8 37. Bf5 Bf7 38. Qh2+ Kd7 39. Qh4 Qh8 40. Bd3 Rg8 41. Be2 Nxg4 42. Kh1 Qxd4 43. Nd1 Qe4+ 0-1

[Event "NRW Class2 1718"]
[Site "Germany"]
[Date "2018.01.28"]
[Round "5.7"]
[White "Steffens, Klaus"]
[Black "Arakelian, Aik"]
[Result "0-1"]
[WhiteElo "1864"]
[BlackElo "1970"]
[PlyCount "82"]
[EventDate "2017.09.17"]
[EventType "team-tourn"]
[EventRounds "9"]
[EventCountry "GER"]
[SourceTitle "EXT 2019"]
[Source "ChessBase"]
[SourceDate "2018.10.10"]
[SourceVersion "1"]
[SourceVersionDate "2018.10.10"]
[SourceQuality "1"]
[WhiteTeam "Siegburg"]
[BlackTeam "Ennepe Ruhr Sued"]
[WhiteTeamCountry "GER"]
[BlackTeamCountry "GER"]

1. Nf3 c5 2. g3 Nf6 3. Bg2 g6 4. 0-0 Bg7 5. d3 d5 6. c4 0-0 7. cxd5 Nxd5 8. Qb3 Nc6 9. Bd2 Nb6 10. Bc3 Be6 11. Qc2 Nd4 12. Qd1 Nd5 13. e3 Nxc3 14. Nxc3 Nxf3+ 15. Bxf3 Rb8 16. a4 b6 17. Qe2 a6 18. h4 b5 19. axb5 axb5 20. Ra7 c4 21. d4 Qd6 22. Ne4 Qb6 23. Rfa1 b4 24. R1a6 Qd8 25. Nc5 Bc8 26. Ra1 c3 27. Ra8 Rxa8 28. Rxa8 e5 29. bxc3 bxc3 30. d5 Qb6 31. Qc4 Qb1+ 32. Kh2 c2 33. Nd3 Bb7 34. Rxf8+ Bxf8 35. Qc7 f6 36. Bg4 Bxd5 37. e4 Bxe4 38. Qc4+ Kh8 39. f3 Bxd3 40. Qf7 Qb4 41. Be6 Qd2+ 0-1

[Event "EU-ch U12 27th"]
[Site "Mamaia"]
[Date "2017.09.07"]
[Round "3"]
[White "Can, Isik"]
[Black "Arakelian, Aik"]
[Result "1-0"]
[WhiteElo "2239"]
[BlackElo "1762"]
[PlyCount "65"]
[EventDate "2017.09.05"]
[EventType "swiss"]
[EventRounds "9"]
[EventCountry "ROU"]
[SourceTitle "CBM 180 Extra"]
[Source "ChessBase"]
[SourceDate "2017.10.06"]
[SourceVersion "1"]
[SourceVersionDate "2017.10.06"]
[SourceQuality "1"]

1. e4 c5 2. Nf3 d6 3. d4 cxd4 4. Nxd4 Nf6 5. Nc3 g6 6. Be3 Bg7 7. f3 0-0 8. Bc4 Nc6 9. Qd2 Bd7 10. h4 Rc8 11. Bb3 Na5 12. 0-0-0 h5 13. Bg5 Nxb3+ 14. axb3 Qa5 15. Kb1 Rc5 16. Bxf6 Bxf6 17. Nd5 Rxd5 18. exd5 Qxd5 19. Ne2 Qe5 20. Nc3 Bg7 21. Rhe1 Qf6 22. Qe3 Be6 23. Qxa7 b5 24. Qa3 Qxh4 25. Nxb5 Rc8 26. Re2 Bf5 27. Qa4 Qg3 28. Nd4 Qf4 29. Nc6 Bxc2+ 30. Rxc2 Qf6 31. Nxe7+ Qxe7 32. Rxc8+ Kh7 33. Rc2 1-0

[Event "GER-ch U12"]
[Site "Willingen"]
[Date "2017.06.07"]
[Round "7"]
[White "Pubantz, Jan"]
[Black "Arakelian, Aik"]
[Result "1-0"]
[WhiteElo "1928"]
[BlackElo "1893"]
[PlyCount "61"]
[EventDate "2017.06.04"]
[EventType "swiss"]
[EventRounds "11"]
[EventCountry "GER"]
[SourceTitle "CBM 178 Extra"]
[Source "ChessBase"]
[SourceDate "2017.06.22"]
[SourceVersion "1"]
[SourceVersionDate "2017.06.22"]
[SourceQuality "1"]

1. Nf3 Nf6 2. c4 e6 3. g3 d5 4. d4 Be7 5. Bg2 c6 6. 0-0 0-0 7. Qc2 a5 8. Nbd2 Na6 9. a3 Bd7 10. Ne5 Rc8 11. c5 b6 12. b4 axb4 13. axb4 Nxb4 14. Qc3 bxc5 15. dxc5 Qc7 16. Nxd7 Nxd7 17. Qxb4 Bxc5 18. Qc3 Bd6 19. Bb2 f6 20. e4 Qb7 21. Rab1 Qa6 22. Bh3 Rfe8 23. Rfe1 Ne5 24. Bf1 Qa7 25. Ra1 Qb8 26. Ba3 c5 27. exd5 exd5 28. Bg2 d4 29. Qb3+ c4 30. Qxb8 Bxb8 31. Nxc4 1-0

[Event "Dortmund Sparkassen op-B 44th"]
[Site "Dortmund"]
[Date "2016.07.15"]
[Round "7"]
[White "Arakelian, Aik"]
[Black "Ziabari, Morteza"]
[Result "1-0"]
[WhiteElo "1673"]
[BlackElo "1850"]
[PlyCount "87"]
[EventDate "2016.07.09"]
[EventType "swiss"]
[EventRounds "9"]
[EventCountry "GER"]
[SourceTitle "CBM 173 Extra"]
[Source "ChessBase"]
[SourceDate "2016.08.29"]
[SourceVersion "1"]
[SourceVersionDate "2016.08.29"]
[SourceQuality "1"]

1. Nf3 d5 2. d4 Nf6 3. e3 Bf5 4. c4 e6 5. Nc3 Nc6 6. a3 Bd6 7. h3 0-0 8. Nh4 Be4 9. cxd5 exd5 10. Nxe4 Nxe4 11. Nf5 Qf6 12. Qf3 Rad8 13. Nxd6 Rxd6 14. Bd3 Re8 15. b4 Nxd4 16. Qxf6 Nxf6 17. Bb2 Nc6 18. Rc1 d4 19. b5 dxe3 20. bxc6 exf2+ 21. Kf1 Rxd3 22. cxb7 Ne4 23. Be5 Nd6 24. Bxd6 Rxd6 25. Rxc7 Rb6 26. Kxf2 h5 27. Rhc1 Kh7 28. Rc8 Rb2+ 29. Kg1 Rxb7 30. Rxe8 Rb3 31. Ra1 Kg6 32. a4 f5 33. Re7 a5 34. Re5 Kg5 35. Rxa5 g6 36. Rb5 Rg3 37. a5 Kh4 38. a6 f4 39. a7 f3 40. a8Q Rxg2+ 41. Kh1 Kxh3 42. Qxf3+ Rg3 43. Rxh5+ gxh5 44. Qxh5# 1-0

[Event "Dortmund Sparkassen op-B 44th"]
[Site "Dortmund"]
[Date "2016.07.13"]
[Round "5"]
[White "Arakelian, Aik"]
[Black "Bartelt, Max Peter"]
[Result "1-0"]
[WhiteElo "1673"]
[BlackElo "1761"]
[PlyCount "95"]
[EventDate "2016.07.09"]
[EventType "swiss"]
[EventRounds "9"]
[EventCountry "GER"]
[SourceTitle "CBM 173 Extra"]
[Source "ChessBase"]
[SourceDate "2016.08.29"]
[SourceVersion "1"]
[SourceVersionDate "2016.08.29"]
[SourceQuality "1"]

1. Nf3 d5 2. d4 Nf6 3. e3 c5 4. dxc5 a5 5. c3 Nc6 6. Bb5 g6 7. Ne5 Qc7 8. Qa4 Bd7 9. Nxd7 Nxd7 10. 0-0 Nxc5 11. Qd1 Qd6 12. Nd2 Bg7 13. Rb1 0-0 14. b4 axb4 15. cxb4 Na6 16. a3 Nc7 17. Be2 b5 18. Nf3 e5 19. e4 d4 20. Qb3 Rfe8 21. Rd1 Qe6 22. Qd3 h6 23. Bb2 f5 24. Rd2 Red8 25. Bd1 Kh7 26. Bb3 Qf6 27. Rc1 Ra6 28. Rdc2 f4 29. Rc5 Bf8 30. Rxb5 Nxb5 31. Qxb5 Na7 32. Qd3 Rc6 33. b5 Rxc1+ 34. Bxc1 Rc8 35. Bb2 Bc5 36. a4 Bb4 37. Bd5 Ba5 38. h3 Rc5 39. Nd2 Bxd2 40. Qxd2 Qb6 41. Ba3 Rc3 42. Bb4 Rc7 43. Ba5 Qc5 44. Bxc7 Qxc7 45. Qb4 f3 46. Qf8 h5 47. Bg8+ Kh8 48. Bf7+ 1-0

[Event "Dortmund Sparkassen op-B 44th"]
[Site "Dortmund"]
[Date "2016.07.09"]
[Round "1"]
[White "Arakelian, Aik"]
[Black "Puetter, Pascal"]
[Result "0-1"]
[WhiteElo "1673"]
[BlackElo "2006"]
[PlyCount "40"]
[EventDate "2016.07.09"]
[EventType "swiss"]
[EventRounds "9"]
[EventCountry "GER"]
[SourceTitle "CBM 173 Extra"]
[Source "ChessBase"]
[SourceDate "2016.08.29"]
[SourceVersion "1"]
[SourceVersionDate "2016.08.29"]
[SourceQuality "1"]

1. e4 e6 2. d4 d5 3. Nd2 Nf6 4. e5 Nfd7 5. Bd3 c5 6. c3 Nc6 7. Ne2 cxd4 8. cxd4 f6 9. Nf3 fxe5 10. dxe5 Ncxe5 11. Ng5 Nxd3+ 12. Qxd3 Bb4+ 13. Bd2 Bxd2+ 14. Qxd2 Qf6 15. 0-0 0-0 16. Nd4 Nb6 17. Rfe1 Nc4 18. Qd3 Qxg5 19. Nxe6 Bxe6 20. Rxe6 Rae8 0-1